|
|
|
|
| LEADER |
01313nam a2200349 a 4500 |
| 001 |
EBC1186423 |
| 003 |
MiAaPQ |
| 005 |
20200520144314.0 |
| 006 |
m o d | |
| 007 |
cr cn||||||||| |
| 008 |
130528s1935 enk s 000 0 eng d |
| 020 |
|
|
|z 9780415817998
|
| 020 |
|
|
|a 9780203582558 (electronic bk.)
|
| 035 |
|
|
|a (MiAaPQ)EBC1186423
|
| 035 |
|
|
|a (Au-PeEL)EBL1186423
|
| 035 |
|
|
|a (CaPaEBR)ebr10699406
|
| 035 |
|
|
|a (CaONFJC)MIL487128
|
| 035 |
|
|
|a (OCoLC)843642575
|
| 040 |
|
|
|a MiAaPQ
|c MiAaPQ
|d MiAaPQ
|
| 050 |
|
4 |
|a HF5823
|b .R765 1935
|
| 082 |
0 |
4 |
|a 659.1
|2 23
|
| 100 |
1 |
|
|a Russell, Gilbert.
|
| 245 |
1 |
0 |
|a Planning advertisements
|h [electronic resource]
|c Gilbert Russell.
|
| 260 |
|
|
|a London ;
|a New York :
|b Routledge,
|c c1935.
|
| 300 |
|
|
|a 1 online resource (159 p.).
|
| 490 |
0 |
|
|a Routledge Library Editions: Advertising ;
|v Volume 9
|
| 533 |
|
|
|a Electronic reproduction. Ann Arbor, MI : ProQuest, 2015. Available via World Wide Web. Access may be limited to ProQuest affiliated libraries.
|
| 588 |
|
|
|a Description based on online resource; title from title page (ebrary, viewed May 28, 2013).
|
| 650 |
|
0 |
|a Advertising.
|
| 655 |
|
4 |
|a Electronic books.
|
| 710 |
2 |
|
|a ProQuest (Firm)
|
| 856 |
4 |
0 |
|u https://ebookcentral.proquest.com/lib/matrademy/detail.action?docID=1186423
|z Click to View
|